| 000 | 00399nam a2200157Ia 4500 | ||
|---|---|---|---|
| 005 | 20250430011252.0 | ||
| 008 | 240331s9999 xx 000 0 und d | ||
| 020 | _a9558104167 | ||
| 082 |
_bPOO _a891 |
||
| 100 | _aPoolan Devi | ||
| 245 | 0 | _aPoolan Devi 2-3 | |
| 260 |
_aAthulkotte _bA.S. printers & Publishers _c1999 |
||
| 300 | _a151 p ., ( P 2) | ||
| 500 | _aA book of Phoolan Devi | ||
| 942 | _cL | ||
| 999 |
_c5578 _d5578 |
||